| 000 | 00647nam a2200229 4500 | ||
|---|---|---|---|
| 003 | MX-MxINE | ||
| 005 | 20260601193905.0 | ||
| 008 | 260513t2001 mx a|||| |||| 00| 0 spa d | ||
| 040 |
_aMX-MxINE _bspa _cMX-MxINE _erda |
||
| 041 | _aspa | ||
| 050 |
_aNK1160 _bP66 |
||
| 100 | _eautor | ||
| 245 |
_aPodio: _bplataforma de diseño internacional |
||
| 264 |
_aMéxico : _bGrupo di Altavista, _c2001 |
||
| 300 |
_avolúmenes : _bilustraciones |
||
| 336 |
_2rdacontent _atexto |
||
| 337 |
_2rdamedia _asin medio |
||
| 338 |
_2rdacarrier _avolumen |
||
| 505 | _aV.25 octubre 2001 | ||
| 650 |
_aDiseño _vPublicaciones periódicas |
||
| 942 |
_2lcc _n1 _cB |
||
| 999 |
_c22370 _d22370 |
||